[Event "Riga Tech Open A 2016"]
[Site "Riga LAT"]
[Date "2016.08.09"]
[Round "3.16"]
[White "Saveliev, Alexei"]
[Black "Bernadskiy, Vitaliy"]
[Result "1/2-1/2"]
[BlackTitle "GM"]
[WhiteElo "2339"]
[BlackElo "2549"]
[WhiteFideId "24128546"]
[BlackFideId "14100371"]
[EventDate "2016.08.08"]

1. e4 c6 2. d4 d5 3. exd5 cxd5 4. c4 Nf6 5. Nc3 g6 6. Qb3 Bg7 7. cxd5 Na6 8. Be2
Qb6 9. Qxb6 axb6 10. Be3 Nb4 11. Rc1 Nbxd5 12. Bf3 Nb4 13. Kd2 O-O 14. Nge2 Rd8
15. Rhd1 Bf5 16. Ng3 e5 17. Ke2 Bc2 18. Rd2 exd4 19. Bxd4 Bh6 20. Be3 Rxd2+ 21.
Bxd2 Re8+ 22. Be3 Bd3+ 23. Kd2 Bxe3+ 24. fxe3 Bc4 25. Nge2 Nxa2 26. Nxa2 Bxa2
27. Bxb7 Bd5 28. Rc7 Bxb7 29. Rxb7 Nd5 30. Nf4 Nxe3 31. Kd3 Kf8 32. Rxb6 g5 33.
Nh5 Nxg2 34. b4 Ne1+ 35. Kc4 Re2 36. h3 Ke7 37. Ng7 Rf2 38. b5 Nc2 39. Kd5 Ne3+
40. Ke4 Nc4 41. Rb7+ Kf8 42. Nf5 Rf4+ 43. Kd5 Rxf5+ 44. Kxc4 Rf1 45. b6 h5 46.
Ra7 Rb1 47. b7 Kg7 48. Kc5 g4 49. hxg4 hxg4 50. Ra4 Rxb7 51. Rxg4+ Kf6 52. Rg1
Rd7 53. Rf1+ Kg7 54. Rg1+ Kf8 55. Rf1 Rd2 56. Kc4 Rd8 57. Kc5 Rd3 58. Kc4 Rd2
59. Kc5 Rd8 60. Kc4 Kg7 61. Rg1+ Kh6 62. Rh1+ Kg5 63. Rg1+ Kh4 64. Rh1+ Kg3 65.
Rf1 Rd7 66. Kc5 Kg4 67. Rg1+ Kf4 68. Rf1+ Ke3 69. Kc6 Ra7 70. Kd6 Ke2 71. Rf6
Kd3 72. Ke5 Re7+ 73. Kf5 Re1 74. Rxf7 Rf1+ 75. Ke6 Rxf7 76. Kxf7 1/2-1/2

[Event "Riga Tech Open A 2016"]
[Site "Riga LAT"]
[Date "2016.08.10"]
[Round "4.1"]
[White "Yuffa, Daniil"]
[Black "Melkumyan, Hrant"]
[Result "1/2-1/2"]
[WhiteTitle "IM"]
[BlackTitle "GM"]
[WhiteElo "2507"]
[BlackElo "2650"]
[WhiteFideId "24131423"]
[BlackFideId "13302485"]
[EventDate "2016.08.08"]

1. d4 Nf6 2. c4 e6 3. g3 d5 4. Nf3 Bb4+ 5. Bd2 Bd6 6. Bg2 c6 7. O-O Nbd7 8. Qc2
O-O 9. Bg5 h6 10. Bxf6 Nxf6 11. Nbd2 b6 12. e4 dxe4 13. Nxe4 Nxe4 14. Qxe4 Bb7
15. Ne5 Rc8 16. Rfd1 Qc7 17. Nd3 Rfd8 18. Rac1 Be7 19. Ne5 Bd6 20. Nd3 Be7 21.
Ne5 1/2-1/2

[Event "Riga Tech Open A 2016"]
[Site "Riga LAT"]
[Date "2016.08.10"]
[Round "4.2"]
[White "Kravtsiv, Martyn"]
[Black "Kantans, Toms"]
[Result "1-0"]
[WhiteTitle "GM"]
[BlackTitle "IM"]
[WhiteElo "2631"]
[BlackElo "2482"]
[WhiteFideId "14113147"]
[BlackFideId "11602945"]
[EventDate "2016.08.08"]

1. e4 c5 2. Nf3 d6 3. Bb5+ Nd7 4. c3 Nf6 5. Qe2 a6 6. Ba4 b5 7. Bc2 Bb7 8. d4 e6
9. a4 Be7 10. e5 Nd5 11. axb5 axb5 12. Rxa8 Qxa8 13. dxc5 dxc5 14. Qxb5 Nf4 15.
Bxf4 Bxf3 16. gxf3 Qxf3 17. O-O Qxf4 18. Rd1 O-O 19. Qxd7 Qg5+ 20. Kf1 Rd8 21.
Qa4 Rxd1+ 22. Bxd1 Qxe5 23. h4 Qd5 24. Ke1 g6 25. Nd2 Qh1+ 26. Ke2 Bxh4 27. Nf3
Bf6 28. Qc4 Qh5 29. b4 cxb4 30. cxb4 g5 31. Qc5 e5 32. Qc6 Kg7 33. Bc2 g4 34.
Ne1 Be7 35. b5 e4 36. Bxe4 g3+ 37. Bf3 Qe5+ 38. Kf1 gxf2 39. Nd3 Qg5 40. Nxf2
Bc5 41. Qd5 Qc1+ 42. Nd1 f6 43. Be4 Qf4+ 44. Ke2 h5 45. Qxc5 Qxe4+ 46. Ne3 h4
47. Qc7+ Kh6 48. Qc4 Qh1 49. Qxh4+ 1-0

[Event "Riga Tech Open A 2016"]
[Site "Riga LAT"]
[Date "2016.08.10"]
[Round "4.3"]
[White "Dastan, Muhammed Batuhan"]
[Black "Goganov, Aleksey"]
[Result "1/2-1/2"]
[WhiteTitle "IM"]
[BlackTitle "GM"]
[WhiteElo "2490"]
[BlackElo "2627"]
[WhiteFideId "6300014"]
[BlackFideId "24109959"]
[EventDate "2016.08.08"]

1. e4 c5 2. Nf3 d6 3. d4 cxd4 4. Nxd4 Nf6 5. Nc3 a6 6. Be2 e5 7. Nb3 Be7 8. Be3
O-O 9. g4 Be6 10. g5 Nfd7 11. h4 Nb6 12. Qd2 a5 13. a4 N8d7 14. O-O-O Nc4 15.
Bxc4 Bxc4 16. Nd5 Bxd5 17. Qxd5 Qc7 18. Rd3 Ra6 19. Rc3 Rc6 20. Rxc6 bxc6 21.
Qxa5 Qb7 22. Qc3 Qa6 23. a5 Rb8 24. f4 c5 25. fxe5 c4 26. Nd2 d5 27. Nb1 Bb4 28.
Qd4 Bc5 29. Qc3 dxe4 30. Rd1 Bxe3+ 31. Qxe3 Nxe5 32. Qxe4 Qb5 33. Qd4 Nc6 34.
Qc3 Nxa5 35. Na3 Qc5 36. Qd4 Qe7 37. Nxc4 Nxc4 38. Qxc4 g6 39. Qd4 Ra8 40. Kb1
Qe6 41. b3 Qa6 42. Qf6 Qa2+ 43. Kc1 Qa3+ 44. Kb1 Qa2+ 45. Kc1 Qa3+ 46. Kb1 Qa2+ 1/2-1/2

[Event "Riga Tech Open A 2016"]
[Site "Riga LAT"]
[Date "2016.08.10"]
[Round "4.4"]
[White "Meribanov, Vitaly"]
[Black "Neiksans, Arturs"]
[Result "1/2-1/2"]
[WhiteTitle "IM"]
[BlackTitle "GM"]
[WhiteElo "2400"]
[BlackElo "2620"]
[WhiteFideId "13504363"]
[BlackFideId "11601388"]
[EventDate "2016.08.08"]

1. e4 c5 2. Nf3 e6 3. d4 cxd4 4. Nxd4 Nc6 5. Nc3 Qc7 6. Be2 Nf6 7. O-O d6 8.
Ndb5 Qd8 9. Bf4 e5 10. Bg5 a6 11. Na3 Be6 12. Nd5 Bxd5 13. Bxf6 Qxf6 14. Qxd5
Be7 15. c3 O-O 16. Nc4 Qg6 17. Nb6 Ra7 18. h3 Bd8 19. Nc4 Bc7 20. Qd3 Rd8 21.
Rad1 Raa8 22. Rd2 Ne7 23. Rfd1 h6 24. Ne3 Bb6 25. Nc4 Bc7 26. a4 Qe6 27. Bg4 Qg6
28. a5 Rab8 29. Qf3 Kf8 30. b4 Ng8 31. Bh5 Qf6 32. Nxd6 g6 33. Qxf6 Nxf6 34. Bf3
b6 35. axb6 Rxb6 36. Nc4 Rxd2 37. Nxd2 Rd6 38. Be2 a5 39. b5 a4 40. Nc4 1/2-1/2

[Event "Riga Tech Open A 2016"]
[Site "Riga LAT"]
[Date "2016.08.10"]
[Round "4.5"]
[White "Popov, Mikhail"]
[Black "Chigaev, Maksim"]
[Result "0-1"]
[WhiteTitle "FM"]
[BlackTitle "IM"]
[WhiteElo "2280"]
[BlackElo "2550"]
[WhiteFideId "4146182"]
[BlackFideId "4108116"]
[EventDate "2016.08.08"]

1. Nf3 Nf6 2. c4 b6 3. g3 Bb7 4. Bg2 e6 5. O-O Be7 6. Nc3 O-O 7. Re1 Ne4 8. Nxe4
Bxe4 9. d3 Bb7 10. e4 c5 11. d4 cxd4 12. Nxd4 d6 13. b3 a6 14. Bb2 Nd7 15. a4
Qc7 16. Qe2 Rac8 17. Rac1 Nc5 18. Qc2 Rfe8 19. b4 Nd7 20. Qb3 Ne5 21. Bf1 Bf6
22. f4 Nd7 23. Bg2 Qb8 24. Nf3 a5 25. Bxf6 Nxf6 26. Nd4 e5 27. fxe5 Rxe5 28.
bxa5 Rxa5 29. Qxb6 Ra6 30. Qb2 Rxa4 31. Rb1 Qa7 32. Kh1 Ba8 33. Nf5 Rd8 34. Nxd6
h6 35. Qb6 Qxb6 36. Rxb6 Nd7 37. Rbb1 Nc5 38. e5 Ra2 39. Bd5 Nd3 40. Re3 Nf2+
41. Kg1 Bxd5 42. cxd5 Ng4 43. Re4 Nxh2 44. Rf4 g5 45. Rf5 g4 46. Ne4 Nf3+ 47.
Kf1 Rh2 48. Rd1 Rh1+ 49. Ke2 Rxd1 50. Nf6+ Kg7 51. Kxd1 Kg6 52. Rf4 h5 53. Re4
Kf5 54. Rf4+ Kxe5 55. Nxh5 Rxd5+ 56. Ke2 f5 57. Ra4 Rb5 58. Nf4 Rb2+ 59. Kd3
Ne1+ 60. Kc3 Rc2+ 61. Kb3 Rc6 62. Ra8 Nf3 63. Re8+ Kd4 64. Ne2+ Kd3 65. Nf4+ Kd2
66. Kb4 Nd4 67. Re5 Rc1 68. Rd5 Ke3 69. Rxd4 Kxd4 70. Ne2+ Ke3 71. Nxc1 f4 72.
gxf4 g3 73. f5 g2 0-1

[Event "Riga Tech Open A 2016"]
[Site "Riga LAT"]
[Date "2016.08.10"]
[Round "4.6"]
[White "Naroditsky, Daniel"]
[Black "Vovk, Ilja"]
[Result "1-0"]
[WhiteTitle "GM"]
[BlackTitle "FM"]
[WhiteElo "2646"]
[BlackElo "2296"]
[WhiteFideId "2026961"]
[BlackFideId "4501764"]
[EventDate "2016.08.08"]

1. d4 d5 2. c4 e6 3. Nf3 c5 4. cxd5 exd5 5. Nc3 Nc6 6. dxc5 d4 7. Na4 Bg4 8. Qb3
Be6 9. Qxb7 Nge7 10. Bf4 Rc8 11. O-O-O Ng6 12. e3 Nxf4 13. Bb5 Ne2+ 14. Bxe2 Rc7
15. Qa6 Bc8 16. Qd3 Be7 17. Nxd4 Nxd4 18. Qxd4 O-O 19. Qxd8 Bxd8 20. b4 Be7 21.
Nc3 Be6 22. Kc2 a5 23. a3 axb4 24. axb4 Rb8 25. Nb5 Rcb7 26. c6 Rb6 27. c7 Rc6+
28. Kb2 Bf6+ 29. Rd4 Bxd4+ 30. exd4 Ra8 31. Ra1 Rxa1 32. Kxa1 Rc2 33. Bd3 Rd2
34. Bc4 Bd7 35. d5 Rc2 36. Nd6 Kf8 37. Kb1 Rxf2 38. Bb5 Bg4 39. h3 1-0

[Event "Riga Tech Open A 2016"]
[Site "Riga LAT"]
[Date "2016.08.10"]
[Round "4.7"]
[White "Carlstedt, Jonathan"]
[Black "Hovhannisyan, Robert"]
[Result "0-1"]
[WhiteTitle "IM"]
[BlackTitle "GM"]
[WhiteElo "2450"]
[BlackElo "2634"]
[WhiteFideId "24614386"]
[BlackFideId "13302507"]
[EventDate "2016.08.08"]

1. d4 d5 2. c4 c6 3. Nc3 Nf6 4. Nf3 e6 5. Bg5 h6 6. Bxf6 Qxf6 7. e3 Nd7 8. Bd3
dxc4 9. Bxc4 g6 10. O-O Bg7 11. Re1 Qe7 12. e4 b5 13. Bb3 O-O 14. e5 Rd8 15. Rc1
Bb7 16. Qe2 c5 17. Nxb5 Bxf3 18. Qxf3 cxd4 19. Qg3 d3 20. Rcd1 Nc5 21. Bc4 Na4
22. Rxd3 Qb4 23. Red1 Rxd3 24. Bxd3 Nxb2 25. Rb1 Bxe5 26. Qe3 Bg7 27. Qe4 Qf8
28. Bf1 Rd8 29. Qc2 Rc8 30. Qe2 a6 31. Na7 Rc7 0-1

[Event "Riga Tech Open A 2016"]
[Site "Riga LAT"]
[Date "2016.08.10"]
[Round "4.8"]
[White "Fridman, Daniel"]
[Black "Ladva, Ottomar"]
[Result "1/2-1/2"]
[WhiteTitle "GM"]
[BlackTitle "IM"]
[WhiteElo "2620"]
[BlackElo "2453"]
[WhiteFideId "11600454"]
[BlackFideId "4500024"]
[EventDate "2016.08.08"]

1. c4 Nf6 2. g3 e6 3. Bg2 d5 4. d4 Be7 5. Nf3 O-O 6. O-O dxc4 7. Ne5 Nc6 8. Nxc6
bxc6 9. Na3 Bxa3 10. bxa3 Rb8 11. Qd2 Qd6 12. Qc3 c5 13. dxc5 Qa6 14. Bf4 Bb7
15. Bxb7 Rxb7 16. Rfc1 Nd5 17. Qxc4 Qxa3 18. Bd2 c6 19. e4 Nf6 20. Kg2 h6 21.
Rc2 Rd8 22. Re1 Qd3 23. Qxd3 Rxd3 24. f3 Nd7 25. Re2 Rb5 26. Be3 Kf8 27. Bf4 e5
28. Be3 Ke7 29. Kf2 Nf8 30. Rb2 Ne6 31. Rxb5 cxb5 32. Rb2 a6 33. a4 bxa4 34. Rb4
a3 35. Ra4 Nc7 36. Bc1 Kd7 37. Bxa3 Rd2+ 38. Ke3 Ra2 39. Ra5 Rxh2 40. c6+ Ke6
41. Bf8 g5 42. Ra3 Rc2 43. Bxh6 f6 44. f4 gxf4+ 45. gxf4 Rxc6 46. fxe5 fxe5 47.
Kd3 Nb5 48. Ra1 Kd6 49. Bf8+ Kc7 50. Bg7 Kd6 51. Rh1 Rc3+ 52. Kd2 Rc4 53. Kd3
Rc3+ 54. Kd2 Rc4 55. Kd3 1/2-1/2

[Event "Riga Tech Open A 2016"]
[Site "Riga LAT"]
[Date "2016.08.10"]
[Round "4.9"]
[White "Lugovskoy, Maxim"]
[Black "Moiseenko, Vadim"]
[Result "1-0"]
[WhiteTitle "IM"]
[BlackTitle "IM"]
[WhiteElo "2446"]
[BlackElo "2533"]
[WhiteFideId "24126454"]
[BlackFideId "4123700"]
[EventDate "2016.08.08"]

1. e4 c5 2. Nf3 d6 3. Bb5+ Nd7 4. d4 Nf6 5. e5 Qa5+ 6. Nc3 Ne4 7. Rb1 d5 8. e6
fxe6 9. O-O g6 10. Ne5 Nd6 11. Bxd7+ Bxd7 12. Nxd7 Kxd7 13. Re1 Nf5 14. dxc5 Bg7
15. b4 Qa6 16. b5 Qa5 17. Ne4 Qxa2 18. Rb3 Rhc8 19. c3 Ke8 20. Ng5 Rxc5 21. Nxe6
Rac8 22. Nxc5 Rxc5 23. g4 Nd6 24. Ba3 Rxb5 25. Rxb5 Qxa3 26. Rxd5 Nf7 27. Rd7
Bf6 28. Rxb7 Kf8 29. Qb3 Qc5 30. Qb4 Qg5 31. h3 a5 32. Qe4 h5 33. Kg2 hxg4 34.
hxg4 Nh6 35. Re3 Nf5 36. Rh3 Kg7 37. Rb8 Nh4+ 38. Rxh4 Qxh4 39. c4 Qg5 40. Rb5
Qd2 41. Rd5 Qb4 42. g5 Bc3 43. Rd7 Kf7 44. Qd5+ Kg7 45. Rd8 1-0

[Event "Riga Tech Open A 2016"]
[Site "Riga LAT"]
[Date "2016.08.10"]
[Round "4.10"]
[White "Shevchenko, Kirill"]
[Black "Ly, Moulthun"]
[Result "1/2-1/2"]
[WhiteTitle "FM"]
[BlackTitle "IM"]
[WhiteElo "2443"]
[BlackElo "2501"]
[WhiteFideId "14129574"]
[BlackFideId "3204405"]
[EventDate "2016.08.08"]

1. e4 c5 2. Nf3 e6 3. d4 cxd4 4. Nxd4 Nc6 5. Nc3 a6 6. Nxc6 bxc6 7. Bd3 d5 8.
O-O Nf6 9. Qf3 Be7 10. e5 Nd7 11. Qg3 g6 12. Bh6 Rb8 13. b3 a5 14. Na4 Bf8 15.
Bxf8 Kxf8 16. c4 Kg7 17. f4 Nb6 18. Nxb6 Rxb6 19. h4 h5 20. f5 exf5 21. Bxf5
Bxf5 22. Rxf5 dxc4 23. Raf1 Rb7 24. Kh2 cxb3 25. axb3 Qe7 26. Rf6 Re8 27. R1f5
Rb5 28. Qf4 Kg8 29. Rxf7 gxf5 30. Rxe7 Rxe7 31. Qg5+ Rg7 32. Qxf5 Rb4 33. Qe6+
Kh7 34. Qf5+ Kg8 35. Qe6+ 1/2-1/2

[Event "Riga Tech Open A 2016"]
[Site "Riga LAT"]
[Date "2016.08.10"]
[Round "4.11"]
[White "Soskov, Vjatsheslav"]
[Black "Petrov, Nikita"]
[Result "1/2-1/2"]
[BlackTitle "IM"]
[WhiteElo "2277"]
[BlackElo "2490"]
[WhiteFideId "4501918"]
[BlackFideId "4101286"]
[EventDate "2016.08.08"]

1. e4 c5 2. Nf3 e6 3. d4 cxd4 4. Nxd4 a6 5. Bd3 Nf6 6. O-O Qc7 7. Qe2 d6 8. c4
g6 9. Nc3 Bg7 10. Kh1 O-O 11. f4 Nbd7 12. Nf3 b6 13. Bd2 Bb7 14. Rac1 Rac8 15.
b4 Rfe8 16. a3 Qb8 17. Ng5 h6 18. Nf3 Qa8 19. Nh4 d5 20. e5 dxc4 21. Bxg6 fxg6
22. exf6 Nxf6 23. Nxg6 b5 24. Ne5 Rcd8 25. Rce1 Bxg2+ 26. Kg1 Bxf1 27. Rxf1 Rd4
28. Be3 Re4 29. Rf3 Rxe5 30. fxe5 Ne4 31. Bc1 Nxc3 32. Rxc3 Qd5 33. Rg3 Kh8 34.
Bxh6 Bxh6 35. Qh5 Qd4+ 36. Kh1 Qe4+ 37. Rg2 Qe1+ 38. Rg1 Qe4+ 39. Rg2 Qb1+ 40.
Rg1 Qe4+ 41. Rg2 1/2-1/2

[Event "Riga Tech Open A 2016"]
[Site "Riga LAT"]
[Date "2016.08.10"]
[Round "4.12"]
[White "Baghdasaryan, Vahe"]
[Black "Chizhikov, Vladislav"]
[Result "1-0"]
[WhiteTitle "IM"]
[WhiteElo "2488"]
[BlackElo "2263"]
[WhiteFideId "13303139"]
[BlackFideId "4178157"]
[EventDate "2016.08.08"]

1. c4 e5 2. Nc3 Nc6 3. g3 f5 4. Bg2 Nf6 5. d3 Bb4 6. e3 d5 7. cxd5 Nxd5 8. Ne2
Be6 9. O-O O-O 10. a3 Nxc3 11. bxc3 Be7 12. c4 Bf6 13. Rb1 Rb8 14. Qc2 Kh8 15.
f4 g6 16. fxe5 Nxe5 17. Nf4 Bg8 18. Rxb7 Rxb7 19. Bxb7 c6 20. d4 Nxc4 21. Bxc6
Qd6 22. Qa4 Nb6 23. Qb4 Qxb4 24. axb4 Rc8 25. b5 Bc4 26. Re1 Be7 27. Bb2 Bb4 28.
Ra1 Rc7 29. d5+ Kg8 30. Bd4 Bd6 31. Bxb6 axb6 32. Ra8+ Kf7 33. Ne6 Rxc6 34. Nd8+
Kf6 35. dxc6 Ke7 36. Nb7 Be5 37. Rd8 Be6 38. Kf2 h5 39. h4 Bc7 40. Rh8 Be5 41.
Rh7+ Ke8 42. Nc5 bxc5 43. b6 c4 44. b7 Kd8 45. Rh8+ Ke7 46. Rc8 c3 47. c7 c2 48.
Re8+ Kxe8 49. c8=Q+ Kf7 50. Qxc2 1-0

[Event "Riga Tech Open A 2016"]
[Site "Riga LAT"]
[Date "2016.08.10"]
[Round "4.13"]
[White "Valantiejus, Vaidotas"]
[Black "Krivonosov, Oleg"]
[Result "1/2-1/2"]
[BlackTitle "IM"]
[WhiteElo "2151"]
[BlackElo "2459"]
[WhiteFideId "12807370"]
[BlackFideId "11600349"]
[EventDate "2016.08.08"]

1. e4 e5 2. Nf3 Nc6 3. d4 exd4 4. Nxd4 Bc5 5. Be3 Bxd4 6. Bxd4 Nf6 7. Nc3 O-O 8.
Be2 Re8 9. f3 d6 10. Qd2 Nxd4 11. Qxd4 Bd7 12. O-O-O Bc6 13. g4 Qe7 14. h4 Qe5
15. Qd2 b5 16. g5 Nh5 17. Nd5 Bxd5 18. Qxd5 a6 19. Qxe5 Rxe5 20. Rhg1 Rf8 21.
Rg4 f5 22. gxf6 Rxf6 23. Rdg1 g6 24. Kd2 Nf4 25. Ke3 Nxe2 26. Kxe2 d5 27. Ke3
dxe4 28. fxe4 Kf7 29. Rd1 Ke7 30. Rf4 Rxf4 31. Kxf4 Rh5 32. Kg4 Rc5 33. c3 h6
34. Kf4 a5 35. a3 a4 36. Rd2 Rh5 37. Kg4 c6 38. Rd1 Rc5 39. Kf4 Ke6 40. Rd8 g5+
41. hxg5 Rxg5 42. Rh8 Rh5 43. Re8+ Kd7 44. Rh8 Kd6 45. Rd8+ Ke7 46. Rh8 Kd7 47.
Kg4 Rg5+ 48. Kf4 Rh5 49. Kg4 1/2-1/2

[Event "Riga Tech Open A 2016"]
[Site "Riga LAT"]
[Date "2016.08.10"]
[Round "4.14"]
[White "Kovalev, Vladislav"]
[Black "Siva, Mahadevan"]
[Result "1/2-1/2"]
[WhiteTitle "GM"]
[BlackTitle "IM"]
[WhiteElo "2608"]
[BlackElo "2352"]
[WhiteFideId "13504398"]
[BlackFideId "25043153"]
[EventDate "2016.08.08"]

1. e4 c5 2. Be2 Nc6 3. f4 e6 4. Nf3 d5 5. d3 Bd6 6. O-O Nge7 7. c3 f6 8. Na3 a6
9. Nc2 Qc7 10. g3 Bd7 11. Be3 O-O 12. Qe1 Rae8 13. Qf2 e5 14. f5 d4 15. Bd2 b5
16. g4 dxc3 17. bxc3 c4 18. a4 Na5 19. axb5 Bxb5 20. d4 Nb3 21. dxe5 Bxe5 22.
Ncd4 Bxd4 23. cxd4 Nxa1 24. Rxa1 Nc6 25. Re1 Kh8 26. Bf1 c3 27. Bxc3 Qf4 28. d5
Bxf1 29. Kxf1 Nb8 30. Qe3 Qxg4 31. Nd4 Rc8 32. Ne6 Rf7 33. h3 Qh4 34. Re2 Rb7
35. Be1 Rb1 36. Kg2 Qh5 37. Nf4 Qf7 38. e5 fxe5 39. Qxe5 1/2-1/2

[Event "Riga Tech Open A 2016"]
[Site "Riga LAT"]
[Date "2016.08.10"]
[Round "4.15"]
[White "Kulon, Klaudia"]
[Black "Stupak, Kirill"]
[Result "1/2-1/2"]
[WhiteTitle "WGM"]
[BlackTitle "GM"]
[WhiteElo "2334"]
[BlackElo "2575"]
[WhiteFideId "1131044"]
[BlackFideId "13503758"]
[EventDate "2016.08.08"]

1. e4 c6 2. d4 d5 3. Nd2 g6 4. Ngf3 Bg7 5. c3 Nh6 6. Bd3 O-O 7. O-O f6 8. Re1
Nf7 9. c4 Nd7 10. exd5 cxd5 1/2-1/2

[Event "Riga Tech Open A 2016"]
[Site "Riga LAT"]
[Date "2016.08.10"]
[Round "4.16"]
[White "Kostin, Konstantin"]
[Black "Mastrovasilis, Athanasios"]
[Result "1/2-1/2"]
[WhiteTitle "FM"]
[BlackTitle "GM"]
[WhiteElo "2340"]
[BlackElo "2555"]
[WhiteFideId "4155882"]
[BlackFideId "4201990"]
[EventDate "2016.08.08"]

1. d4 Nf6 2. Nf3 e6 3. Bf4 b6 4. e3 Bb7 5. h3 g6 6. Be2 Bg7 7. O-O d6 8. c4 Nbd7
9. Nc3 Ne4 10. Nxe4 Bxe4 11. Bh2 O-O 12. Nd2 Bb7 13. Bf3 Bxf3 14. Nxf3 Qe7 15.
Qa4 Rfc8 16. Rad1 c6 17. Qa3 Bf8 18. Qa6 Nf6 19. Rc1 Ne4 20. Rfd1 Rd8 21. Nd2
Nxd2 22. Rxd2 Qd7 23. Bg3 Be7 24. Rd3 Qc8 25. Qxc8 Raxc8 26. Kf1 f6 27. Ke2 Kf7
28. f3 Rd7 29. Be1 Rb7 30. Rb3 e5 31. dxe5 dxe5 32. Rd3 Rd8 33. Rxd8 Bxd8 34. e4
Be7 35. Bf2 Ke6 36. b3 Ba3 37. Rc2 Bb4 38. Rc1 Rd7 39. Rd1 Rxd1 40. Kxd1 Bc3 41.
Kc2 Bd4 42. Bh4 a6 1/2-1/2

[Event "Riga Tech Open A 2016"]
[Site "Riga LAT"]
[Date "2016.08.11"]
[Round "5.1"]
[White "Chigaev, Maksim"]
[Black "Kravtsiv, Martyn"]
[Result "1/2-1/2"]
[WhiteTitle "IM"]
[BlackTitle "GM"]
[WhiteElo "2550"]
[BlackElo "2631"]
[WhiteFideId "4108116"]
[BlackFideId "14113147"]
[EventDate "2016.08.08"]

1. Nf3 Nf6 2. d4 e6 3. Bf4 c5 4. e3 Nc6 5. c3 d5 6. Nbd2 Bd6 7. Bg3 O-O 8. Bd3
Qe7 9. Ne5 Nd7 10. Nxd7 Qxd7 11. dxc5 Bxc5 12. O-O Bd6 13. Bxd6 1/2-1/2

[Event "Riga Tech Open A 2016"]
[Site "Riga LAT"]
[Date "2016.08.11"]
[Round "5.2"]
[White "Melkumyan, Hrant"]
[Black "Dastan, Muhammed Batuhan"]
[Result "1-0"]
[WhiteTitle "GM"]
[BlackTitle "IM"]
[WhiteElo "2650"]
[BlackElo "2490"]
[WhiteFideId "13302485"]
[BlackFideId "6300014"]
[EventDate "2016.08.08"]

1. c4 c6 2. Nf3 d5 3. e3 Nf6 4. Nc3 e6 5. b3 Nbd7 6. Bb2 Bd6 7. Be2 Qe7 8. O-O
O-O 9. d4 a6 10. Qc2 b5 11. e4 Nxe4 12. Nxe4 dxe4 13. Qxe4 Nf6 14. Qh4 Nd7 15.
Qe4 Nf6 16. Qc2 a5 17. c5 Bc7 18. Ne5 Bxe5 19. dxe5 Nd5 20. Qe4 b4 21. Bd3 g6
22. Rac1 Ba6 23. Bc4 a4 24. Rfd1 Rfb8 25. Bxd5 cxd5 26. Qf4 Bb5 27. h4 h5 28.
Bd4 Ra6 29. Be3 axb3 30. axb3 Be2 31. Rd4 Ra3 32. Rxb4 Rxb3 33. Rxb3 Rxb3 34. c6
Rb8 35. Bc5 Qe8 36. c7 Rc8 37. Bd6 Ba6 38. Rb1 Qc6 39. Rb8 d4 40. Qxd4 Bb7 41.
f3 Qc1+ 42. Kh2 Ba6 43. Qa4 1-0

[Event "Riga Tech Open A 2016"]
[Site "Riga LAT"]
[Date "2016.08.11"]
[Round "5.3"]
[White "Naroditsky, Daniel"]
[Black "Yuffa, Daniil"]
[Result "1-0"]
[WhiteTitle "GM"]
[BlackTitle "IM"]
[WhiteElo "2646"]
[BlackElo "2507"]
[WhiteFideId "2026961"]
[BlackFideId "24131423"]
[EventDate "2016.08.08"]

1. d4 Nf6 2. Bf4 d5 3. e3 c5 4. Nc3 cxd4 5. exd4 a6 6. Nf3 Nc6 7. Ne5 Bf5 8. g4
Nxe5 9. dxe5 Nxg4 10. f3 Nh6 11. Qd4 Qd7 12. Bxh6 gxh6 13. Nxd5 Qc6 14. Rd1 Rg8
15. Bd3 Rg5 16. h4 Rh5 17. Rg1 Be6 18. Nf4 Rxh4 19. Be4 Qc8 20. Nxe6 Qxe6 21.
Qa4+ b5 22. Bc6+ Qxc6 23. Qxh4 Qxc2 24. Qd4 Qc6 25. Rg8 f5 26. exf6 Kf7 27. Rh8
Qxf3 28. fxe7 Qh1+ 29. Ke2 Qg2+ 30. Qf2+ Qxf2+ 31. Kxf2 Kxe7 32. Kg2 Kf6 33. Rd7
Rc8 34. Kh3 Re8 35. Kg4 h5+ 36. Kxh5 Re5+ 37. Kg4 Bc5 38. Rhxh7 Re2 39. Rc7 Re4+
40. Kf3 Re5 41. Kf4 Be3+ 42. Kg4 Re6 43. Kf3 Bg5 44. Rhf7+ Kg6 45. Rg7+ Kh6 46.
Rg8 Re3+ 47. Kf2 Re6 48. Rc3 Bh4+ 49. Kf3 Bf6 50. Rc2 Be5 51. Re2 Kh7 52. Rg5
Rf6+ 53. Ke4 Bd6 54. Kd5 Bf4 55. Rg4 1-0

[Event "Riga Tech Open A 2016"]
[Site "Riga LAT"]
[Date "2016.08.11"]
[Round "5.4"]
[White "Hovhannisyan, Robert"]
[Black "Baghdasaryan, Vahe"]
[Result "0-1"]
[WhiteTitle "GM"]
[BlackTitle "IM"]
[WhiteElo "2634"]
[BlackElo "2488"]
[WhiteFideId "13302507"]
[BlackFideId "13303139"]
[EventDate "2016.08.08"]

1. e4 c5 2. Nf3 Nc6 3. Bb5 d6 4. O-O Bd7 5. Re1 a6 6. Bxc6 Bxc6 7. d4 cxd4 8.
Nxd4 Nf6 9. Nxc6 bxc6 10. Qf3 e5 11. c4 Be7 12. Nc3 O-O 13. b3 Nd7 14. Ba3 Qa5
15. Na4 Rad8 16. Red1 Nc5 17. Bxc5 dxc5 18. g3 Rd4 19. h4 Rfd8 20. Kg2 g6 21. h5
Bg5 22. Rxd4 cxd4 23. Rd1 Kg7 24. Qg4 Bf6 25. Qe2 Bg5 26. Qc2 gxh5 27. Qe2 h6
28. Kh3 Rd6 29. Qxh5 d3 30. Qf3 d2 31. Qc3 Qxc3 32. Nxc3 Rd4 33. Kg2 f5 34. exf5
e4 35. Kf1 Kf6 36. g4 e3 37. fxe3 Bxe3 38. Ke2 Bg5 39. Rg1 Ke5 40. Kd1 Rd3 41.
Kc2 Re3 42. Nd1 Re1 43. Rg2 Rf1 44. Rf2 Rxf2 45. Nxf2 Kf4 46. f6 Bxf6 47. Kxd2
Bd4 48. Ke2 Bxf2 49. Kxf2 c5 50. Ke2 Kxg4 51. Ke3 h5 52. Kf2 a5 53. Ke3 Kg3 54.
Ke4 h4 55. Kd5 h3 56. Kxc5 h2 57. Kb6 h1=Q 58. Kxa5 Qa1 59. a4 Qc3+ 60. b4 Qxc4
61. b5 Qb3 62. b6 Kf4 63. b7 Ke5 64. Ka6 Qxa4+ 0-1

[Event "Riga Tech Open A 2016"]
[Site "Riga LAT"]
[Date "2016.08.11"]
[Round "5.5"]
[White "Goganov, Aleksey"]
[Black "Meribanov, Vitaly"]
[Result "1/2-1/2"]
[WhiteTitle "GM"]
[BlackTitle "IM"]
[WhiteElo "2627"]
[BlackElo "2400"]
[WhiteFideId "24109959"]
[BlackFideId "13504363"]
[EventDate "2016.08.08"]

1. d4 Nf6 2. c4 e6 3. Nf3 b6 4. g3 Ba6 5. b3 Bb4+ 6. Bd2 Be7 7. Nc3 d5 8. cxd5
exd5 9. Bg2 O-O 10. O-O Nbd7 11. Qc2 Rc8 12. Rfd1 Re8 13. Qb2 Bd6 14. Bg5 h6 15.
Bxf6 Nxf6 16. e3 Qe7 17. a3 c6 18. b4 Bb7 19. Nd2 c5 20. Nb5 Bb8 21. bxc5 bxc5
22. dxc5 Rxc5 23. Nd4 Ba8 24. Rab1 Rcc8 25. Bh3 Rcd8 26. Rdc1 Ne4 27. N2f3 g6
28. a4 Bd6 29. Qe2 Bb4 30. Qd3 a5 31. Bg2 Rc8 32. Nb5 Bb7 33. Bh3 Rxc1+ 34. Rxc1
Nc5 35. Qd1 h5 36. Bg2 Rc8 37. h4 Qf6 38. Ng5 Rd8 39. Qd4 Qe7 40. Rc2 Nxa4 41.
Rc7 Rd7 42. Rxd7 Qxd7 43. Qe5 Qxb5 44. Qc7 Qe8 45. Qxb7 Nc3 46. Bxd5 Nxd5 47.
Qxd5 a4 48. Ne4 Be7 49. Qc4 Qd7 50. Nc3 a3 51. Nd5 Qa7 52. Qc8+ Kh7 53. Qe8 a2
54. Qxf7+ Kh8 55. Nxe7 a1=Q+ 56. Kh2 Qg7 57. Nxg6+ Kh7 58. Nf8+ Kh8 59. Ng6+ Kh7
60. Nf8+ Kh8 1/2-1/2